Revista d'investigacions geològiques / Director: Alfredo San Miguel Alfredo San Miguel
ISBN:
0213-0173
Publicado:
Barcelona :
Universitat de Barcelona. Facultat de Ciències Geològiques : Diputació de Barcelona ,
1983
Descripción Física:
il. ; 24 cm
Otros Autores:
San Miguel Arribas, Alfredo, dir
Materias:
Geologia -- Revistes
MARC
| LEADER | 00000nam a2200000Ia 4500 | ||
|---|---|---|---|
| 003 | BGR | ||
| 005 | 20260324175727.0 | ||
| 008 | 160829s1983 - xx 000 0 cat d | ||
| 008 | 160829s9999 xx 000 0 cat d | ||
| 020 | |a 0213-0173 | ||
| 080 | |a Revistes | ||
| 245 | |a Revista d'investigacions geològiques / Director: |b Alfredo San Miguel | ||
| 260 | |a Barcelona : |b Universitat de Barcelona. Facultat de Ciències Geològiques : |b Diputació de Barcelona, |c 1983 - | ||
| 300 | |a il. ; |c 24 cm | ||
| 362 | |a Vol. 36 (1983) - | ||
| 590 | |a Anual. | ||
| 590 | |a Descripció basada en: Vol. 36 (1983). | ||
| 590 | |a Continuació de: Revista del Instituto de Investigacions Geológicas. | ||
| 590 | |a Text en català, castellà, anglès i francès | ||
| 650 | |a Geologia |x Revistes |9 21766 | ||
| 700 | |a San Miguel Arribas, Alfredo, dir. |9 21768 | ||
| 710 | 2 | |a Universitat de Barcelona |9 51297 |b Facultat de Ciències Geològiques | |
| 866 | |a 1981 - 1982 (35), 1983 (36, 37), 1985 (40) | ||
| 901 | |a Arxiu | ||
| 942 | |n 1 |2 udc |c MON | ||
| 952 | |0 0 |1 0 |4 0 |6 REVISTES |7 1 |9 48880 |a Arxiu |b Arxiu |d 2016-12-01 |l 0 |o Revistes |r 2016-12-01 00:00:00 |w 2016-12-01 |y ARXIU | ||
| 999 | |c 52715 |d 52715 | ||